Машинное проектирование и моделирование выпрямителей: учебное пособие

Bibliographic Details
Main Author: Курчик Б. З.
Corporate Author: Ленинградский электротехнический институт связи им. М. А. Бонч-Бруевича
Language:Russian
Published: Ленинград, 1991
Subjects:
Format: MixedMaterials Book
KOHA link:https://koha.lib.tpu.ru/cgi-bin/koha/opac-detail.pl?biblionumber=188251

MARC

LEADER 00000nam0a2200000 4500
001 188251
005 20231101224125.0
035 |a (RuTPU)RU\TPU\book\204485 
090 |a 188251 
100 |a 20101206d1991 m y0rusy50 ca 
101 0 |a rus 
102 |a RU 
105 |a a j 001zy 
200 1 |a Машинное проектирование и моделирование выпрямителей  |e учебное пособие  |f Б. З. Курчик  |g Ленинградский электротехнический институт связи им. М. А. Бонч-Бруевича 
210 |a Ленинград  |d 1991 
215 |a 56 с.  |c ил. 
320 |a Библиогр.: с. 55-56. 
610 1 |a выпрямители 
610 1 |a моделирование 
610 1 |a машинное проектирование 
610 1 |a учебные пособия 
610 1 |a погрешности 
675 |a 621.314.6(075.8)  |v 3 
700 1 |a Курчик  |b Б. З. 
712 0 2 |a Ленинградский электротехнический институт связи им. М. А. Бонч-Бруевича  |2 stltpush  |3 (RuTPU)RU\TPU\col\12894  |9 25559 
801 1 |a RU  |b 63413507  |c 20101206 
801 2 |a RU  |b 63413507  |c 20101230  |g RCR 
942 |c BK